000 00689nam a2200241Ia 4500
003 OSt
005 20221005025848.0
006 a|||||r|||| 00| 0
007 ta
008 221004b |||||||| |||| 00| 0 eng d
024 _a18664
037 _bGift, 03/06/2015,
_cTextual
040 _aCRL
_cCRL
_beng
041 _2eng
_aeng
082 _aO111,3M19:g, H8
100 _aBennett Joan
245 0 _aGeorge Eliot
_b Her mind and her art
260 _aCambridge
_bAt the university press UK
_c1948
300 _axv, 202p.
_ccm.
650 _aENGLISH LITERATURE
942 _hO111,3M19:g, H8
_cTEXL
_2cc
999 _c935354
_d935354